[Event "Chess24 Banter Blitz Cup"]
[Site "chess24.com INT"]
[Date "2020.02.27"]
[Round "3.9"]
[White "Anton Guijarro, David"]
[Black "Larino Nieto, David"]
[Result "0-1"]
[WhiteTitle "GM"]
[BlackTitle "GM"]
[WhiteElo "2674"]
[BlackElo "2473"]
[WhiteFideId "2285525"]
[BlackFideId "2256444"]
[EventDate "2019.09.25"]
[EventType "blitz"]

1. c4 b6 2. Nc3 Bb7 3. d4 e6 4. a3 d6 5. e4 Nd7 6. f4 c5 7. d5 e5 8. Nf3 g6 9.
fxe5 Nxe5 10. Nxe5 dxe5 11. Bd3 Qh4+ 12. g3 Qh3 13. Qf3 f6 14. Bc2 Bd6 15. Ba4+
Ke7 16. Bc6 Rb8 17. Be3 Bc8 18. Qf1 a6 19. Qxh3 Bxh3 20. Rb1 Kd8 21. b4 Kc7 22.
bxc5 Bxc5 23. Bxc5 bxc5 24. Rxb8 Kxb8 25. Kd2 Kc7 26. Rb1 Bc8 27. Ba4 Ne7 28.
d6+ Kxd6 29. Rb6+ Kc7 30. Rxf6 Bd7 31. Bxd7 Kxd7 32. Rxa6 Rb8 33. Ra7+ Ke6 34.
Nb5 Rf8 35. Ke2 h5 36. a4 h4 37. Ra6+ Kd7 38. Rd6+ Ke8 39. a5 hxg3 40. hxg3 Rh8
41. a6 Rh2+ 42. Kf3 Ra2 43. a7 Nc8 44. Re6+ Kf7 45. Rxe5 Nxa7 46. Nxa7 Rxa7 47.
Rxc5 Ke6 48. Kf4 Kf6 49. Rc6+ Kg7 50. e5 Rf7+ 51. Ke4 Rf1 52. Rc7+ Kf8 53. e6
Re1+ 54. Kd5 Rd1+ 55. Ke5 Rg1 56. Kf6 Rf1+ 57. Kxg6 Rg1 58. Kf6 Rf1+ 59. Ke5 Rg1
60. Kd6 Rd1+ 61. Kc6 Rg1 62. c5 Rxg3 63. Re7 Kxe7 64. Kc7 Kxe6 65. c6 Rc3 66.
Kb6 Kd6 67. Kb5 Rxc6 68. Kb4 Rc5 69. Kb3 Kd5 70. Kb4 Rc4+ 71. Kb3 Rc3+ 72. Kb2
Kd4 73. Kb1 Kd3 74. Kb2 Kd2 75. Kb1 Rc2 76. Ka1 Kc3 77. Kb1 Kb3 78. Ka1 Rc1# 0-1

[Event "Chess24 Banter Blitz Cup"]
[Site "chess24.com INT"]
[Date "2020.02.27"]
[Round "3.10"]
[White "Larino Nieto, David"]
[Black "Anton Guijarro, David"]
[Result "0-1"]
[WhiteTitle "GM"]
[BlackTitle "GM"]
[WhiteElo "2473"]
[BlackElo "2674"]
[WhiteFideId "2256444"]
[BlackFideId "2285525"]
[EventDate "2019.09.25"]
[EventType "blitz"]

1. e4 e5 2. Nc3 Nc6 3. g3 g6 4. Bg2 Bg7 5. Nge2 d6 6. d3 Nge7 7. Be3 Nd4 8. h3
Be6 9. Qd2 Qd7 10. O-O-O h5 11. Kb1 O-O-O 12. f4 Kb8 13. a3 a6 14. Nc1 exf4 15.
gxf4 d5 16. Qf2 Nxc2 17. Qxc2 d4 18. Bf2 dxc3 19. bxc3 Qb5+ 20. Qb2 Bxc3 21.
Qxb5 axb5 22. Kc2 Bd4 23. Bxd4 Rxd4 24. Ne2 Ra4 25. Kb2 b4 26. Ra1 Nc6 27. e5
bxa3+ 28. Rxa3 Rxa3 29. Kxa3 Rd8 30. Rd1 Nd4 31. Nc3 Nc2+ 32. Kb2 Ne3 33. Rg1
Nxg2 34. Rxg2 Rxd3 35. Ne4 Bd5 36. Re2 Bxe4 37. Rxe4 Rxh3 38. e6 fxe6 39. Rxe6
Rf3 40. Rxg6 Rxf4 41. Rh6 h4 42. Kc3 b6 43. Kb3 Kb7 44. Kc3 b5 45. Kb3 c6 46.
Kc3 Kb6 47. Kb3 b4 48. Rh5 c5 49. Rh8 Rf3+ 50. Kc4 Rc3+ 51. Kd5 h3 52. Rb8+ Ka5
53. Kc6 Ka4 54. Ra8+ Kb3 55. Kb5 h2 56. Rh8 Rc2 57. Rh3+ Ka2 58. Ka4 b3 0-1

[Event "Chess24 Banter Blitz Cup"]
[Site "chess24.com INT"]
[Date "2020.02.27"]
[Round "3.11"]
[White "Anton Guijarro, David"]
[Black "Larino Nieto, David"]
[Result "1-0"]
[WhiteTitle "GM"]
[BlackTitle "GM"]
[WhiteElo "2674"]
[BlackElo "2473"]
[WhiteFideId "2285525"]
[BlackFideId "2256444"]
[EventDate "2019.09.25"]
[EventType "blitz"]

1. c4 e6 2. g3 h6 3. Bg2 d6 4. d4 g6 5. Nc3 Nd7 6. e4 a6 7. Be3 Ne7 8. Qd2 Bg7
9. h4 Rb8 10. h5 g5 11. f4 gxf4 12. gxf4 Nf6 13. Nge2 b5 14. cxb5 axb5 15. a3
Bb7 16. Bf3 Nf5 17. O-O-O Nxe3 18. Qxe3 b4 19. axb4 Ra8 20. Kb1 Qb8 21. Rhg1 Bf8
22. e5 Bxf3 23. Qxf3 Nd7 24. d5 dxe5 25. dxe6 fxe6 26. Qc6 Rh7 27. Qxe6+ Re7 28.
Qg6+ Kd8 29. Qf5 Kc8 30. Rxd7 Rxd7 31. Qxf8+ Kb7 32. Qxb8+ Rxb8 33. fxe5 Re8 34.
Ne4 Kc6 35. Nf6 Rxe5 36. Rc1+ Kb5 37. Nc3+ Kxb4 38. Nxd7 Rxh5 39. Nf6 Rh2 40.
Ncd5+ Ka4 41. Rxc7 h5 42. Rb7 h4 43. Ne4 h3 44. Nc5+ Ka5 45. b4# 1-0

[Event "Chess24 Banter Blitz Cup"]
[Site "chess24.com INT"]
[Date "2020.02.27"]
[Round "3.12"]
[White "Larino Nieto, David"]
[Black "Anton Guijarro, David"]
[Result "0-1"]
[WhiteTitle "GM"]
[BlackTitle "GM"]
[WhiteElo "2473"]
[BlackElo "2674"]
[WhiteFideId "2256444"]
[BlackFideId "2285525"]
[EventDate "2019.09.25"]
[EventType "blitz"]

1. d4 Nf6 2. c3 b6 3. Bg5 Bb7 4. Nd2 e6 5. Qc2 h6 6. Bh4 c5 7. Ngf3 Be7 8. Rg1
cxd4 9. Nxd4 Nc6 10. Nxc6 Bxc6 11. e4 Qc7 12. Bg3 Qb7 13. Bd3 d5 14. e5 Ne4 15.
Bf4 Rc8 16. f3 Nc5 17. Be2 Ba4 18. Qb1 O-O 19. g4 Bh4+ 20. Kf1 Rcd8 21. b4 Nd7
22. g5 hxg5 23. Bxg5 Bxg5 24. Rxg5 Qc7 25. Bd3 f5 26. f4 Qxc3 27. Ke2 Nxe5 28.
fxe5 Qxe5+ 29. Kf3 Rc8 30. Qe1 Qf6 31. Qg3 Qxa1 32. Rg6 Qd4 33. Ke2 Rc3 34. Rxe6
Bb5 35. Re3 Bxd3+ 36. Rxd3 Re8+ 0-1

[Event "Chess24 Banter Blitz Cup"]
[Site "chess24.com INT"]
[Date "2020.03.01"]
[Round "3.1"]
[White "Meier, Georg"]
[Black "Kovalenko, Igor"]
[Result "1-0"]
[WhiteTitle "GM"]
[BlackTitle "GM"]
[WhiteElo "2628"]
[BlackElo "2674"]
[WhiteFideId "4675789"]
[BlackFideId "14117908"]
[EventDate "2019.09.25"]
[EventType "blitz"]

1. Nf3 d5 2. g3 c6 3. Bg2 Bg4 4. h3 Bxf3 5. Bxf3 Nd7 6. d3 e6 7. Nd2 Bc5 8. c4
Ne7 9. Qc2 Rc8 10. O-O a6 11. e3 O-O 12. Bg2 Ba7 13. b4 Nf5 14. Nb3 Re8 15. c5
e5 16. e4 dxe4 17. dxe4 Nd4 18. Nxd4 exd4 19. Bb2 a5 20. a3 Ne5 21. Rad1 d3 22.
Qc3 f6 23. f4 Nf7 24. Rxd3 Qe7 25. Rfd1 Rc7 26. Qc4 b6 27. Kh2 axb4 28. cxb6
Bxb6 29. axb4 h5 30. e5 fxe5 31. Bxe5 Ra7 32. Qxc6 Bf2 33. Rd7 Rxd7 34. Rxd7
Qxb4 35. Bd5 Bxg3+ 36. Kxg3 Qe1+ 37. Kh2 Qe2+ 38. Bg2 Rxe5 39. fxe5 Qxe5+ 40.
Kh1 Qe1+ 41. Kh2 Qe5+ 42. Kg1 Qe1+ 43. Bf1 Qe3+ 44. Kh1 Ne5 45. Qd5+ Kh7 46. Re7
Qf4 47. Qg2 Nf3 48. Re3 Nh4 49. Bd3+ g6 50. Qe2 Qd6 51. Re7+ Kh6 52. Qe3+ g5 53.
Re6+ Qxe6 54. Qxe6+ 1-0

[Event "Chess24 Banter Blitz Cup"]
[Site "chess24.com INT"]
[Date "2020.03.01"]
[Round "3.2"]
[White "Kovalenko, Igor"]
[Black "Meier, Georg"]
[Result "0-1"]
[WhiteTitle "GM"]
[BlackTitle "GM"]
[WhiteElo "2674"]
[BlackElo "2628"]
[WhiteFideId "14117908"]
[BlackFideId "4675789"]
[EventDate "2019.09.25"]
[EventType "blitz"]

1. e4 e6 2. d4 d5 3. e5 c5 4. c3 Nc6 5. Nf3 Qb6 6. a3 c4 7. Be2 Bd7 8. O-O Na5
9. Nbd2 Ne7 10. Qc2 Qc7 11. Bd1 Nc8 12. Qb1 Nb6 13. a4 O-O-O 14. Re1 Be7 15. Qa2
Kb8 16. h4 h6 17. g3 Rc8 18. Kg2 Qd8 19. Nf1 Qe8 20. Be3 a6 21. N1d2 Bc6 22. Bc2
Qd7 23. h5 Rcg8 24. Rh1 Ka8 25. Rh2 Kb8 26. Rh3 Ka8 27. Nh2 Bd8 28. f4 f6 29.
Nhf3 f5 30. Kf2 g6 31. hxg6 Rxg6 32. Ke2 Rhg8 33. Bf2 Be7 34. Ne1 Bf8 35. Ng2
Qe8 36. Ne3 Qd7 37. Rh2 Qe8 38. Rh3 Qd7 39. Kf1 Qe8 40. Ke1 Qd7 41. Ke2 Qe8 42.
Rh4 Be7 43. Rh2 Bf8 44. Nf3 Bd7 45. Rg2 Ka7 46. Nh2 h5 47. Nf3 Be7 48. Rh2 Rh6
49. Rh3 Nb3 50. a5 Na8 51. Bxb3 cxb3 52. Qxb3 Bb5+ 53. Kd2 Qc6 54. Rah1 Qe8 55.
Qd1 Kb8 56. Ne1 Qd8 57. b4 Be8 58. Nd3 Nc7 59. Qb3 Nb5 60. Nc2 Qc7 61. Ne3 Qc8
62. Be1 Qc7 63. Ke2 Qc8 64. Nb2 Qd7 65. Kf2 Qc6 66. Nd3 Bf7 67. Nc5 Rc8 68. Ng2
Bxc5 69. bxc5 Qc7 70. Qb4 Na7 71. Nh4 Nc6 72. Qb6 Qd7 73. Nf3 Be8 74. Ng5 Nxe5
75. Rxh5 Ng4+ 76. Ke2 Rxh5 0-1

[Event "Chess24 Banter Blitz Cup"]
[Site "chess24.com INT"]
[Date "2020.03.01"]
[Round "3.3"]
[White "Meier, Georg"]
[Black "Kovalenko, Igor"]
[Result "0-1"]
[WhiteTitle "GM"]
[BlackTitle "GM"]
[WhiteElo "2628"]
[BlackElo "2674"]
[WhiteFideId "4675789"]
[BlackFideId "14117908"]
[EventDate "2019.09.25"]
[EventType "blitz"]

1. Nf3 Nf6 2. g3 b6 3. Bg2 Bb7 4. O-O g6 5. b3 Bg7 6. Bb2 O-O 7. c4 d6 8. Nc3
Nbd7 9. d4 c5 10. d5 a6 11. a4 Re8 12. Qc2 h6 13. e4 e6 14. Rad1 exd5 15. exd5
Qe7 16. Rfe1 Qf8 17. Nd2 Rxe1+ 18. Rxe1 Re8 19. Qd1 Bc8 20. Rxe8 Nxe8 21. Qe2 f5
22. Nd1 Bxb2 23. Nxb2 Ne5 24. f4 Nf7 25. Qe3 Nf6 26. Bf3 Kg7 27. Nd3 Qd8 28. Kg2
Bd7 29. h3 b5 30. axb5 axb5 31. b4 bxc4 32. Nxc4 Bb5 33. Nxd6 Nxd6 34. bxc5 Bxd3
35. Qxd3 Nde4 36. Bxe4 fxe4 37. Qc3 Qxd5 38. Kf2 Qc6 39. Qe5 Kf7 40. f5 g5 41.
Ke3 Qd7 42. g4 Qd3+ 43. Kf2 Qd2+ 44. Kg1 Qd1+ 45. Kf2 Qf3+ 46. Kg1 Qe3+ 47. Kg2
Qd2+ 48. Kg1 Qd5 49. Qc7+ Qd7 50. Qe5 Qe7 51. Qc3 e3 52. c6 e2 53. Kf2 Ne4+ 0-1

[Event "Chess24 Banter Blitz Cup"]
[Site "chess24.com INT"]
[Date "2020.03.01"]
[Round "3.4"]
[White "Kovalenko, Igor"]
[Black "Meier, Georg"]
[Result "1/2-1/2"]
[WhiteTitle "GM"]
[BlackTitle "GM"]
[WhiteElo "2674"]
[BlackElo "2628"]
[WhiteFideId "14117908"]
[BlackFideId "4675789"]
[EventDate "2019.09.25"]
[EventType "blitz"]

1. e4 e6 2. d4 d5 3. e5 c5 4. c3 Nc6 5. Nf3 Qb6 6. a3 c4 7. Be2 Bd7 8. Nbd2 Na5
9. O-O Ne7 10. Qc2 Nc8 11. Bd1 Qc7 12. Qb1 Nb6 13. a4 Be7 14. Bc2 h6 15. g3
O-O-O 16. Qa2 Bc6 17. Ne1 Qd7 18. Ng2 f5 19. exf6 gxf6 20. Re1 Bd6 21. Nf3 Kb8
22. Bf4 Rde8 23. Bxd6+ Qxd6 24. Re3 e5 25. dxe5 fxe5 26. Rae1 d4 27. Rxe5 d3 28.
Bd1 Rxe5 29. Nxe5 Re8 30. Nxc6+ Qxc6 31. Qa3 Rxe1+ 32. Nxe1 a6 33. Qb4 Nb3 34.
Bxb3 d2 35. Qf8+ Ka7 36. Nf3 cxb3 37. Nxd2 Qxa4 38. Kg2 Qd7 39. Qf4 Qd5+ 40. f3
a5 41. Qe3 Ka6 42. Qe2+ Ka7 43. c4 Qd4 44. Nxb3 Qxc4 45. Qd1 a4 46. Nd4 Nd5 47.
Qd2 b5 48. Qa5+ Kb7 49. Qxb5+ Qxb5 50. Nxb5 Kb6 51. Na3 Kc5 52. Nb1 Kb4 53. Nd2
Ne3+ 54. Kf2 Nd1+ 55. Ke2 Nxb2 56. Nb1 a3 57. Nxa3 Kxa3 58. Ke3 Kb4 59. Ke4 Kc5
60. Ke5 Nd3+ 61. Ke6 Ne1 62. f4 Nf3 63. f5 Nxh2 64. f6 Nf3 65. f7 Ng5+ 66. Kf6
Nxf7 67. Kxf7 Kd4 68. Kg6 Ke4 69. Kxh6 Kf3 70. g4 Kxg4 1/2-1/2

[Event "Chess24 Banter Blitz Cup"]
[Site "chess24.com INT"]
[Date "2020.03.01"]
[Round "3.5"]
[White "Meier, Georg"]
[Black "Kovalenko, Igor"]
[Result "1/2-1/2"]
[WhiteTitle "GM"]
[BlackTitle "GM"]
[WhiteElo "2628"]
[BlackElo "2674"]
[WhiteFideId "4675789"]
[BlackFideId "14117908"]
[EventDate "2019.09.25"]
[EventType "blitz"]

1. Nf3 g6 2. d4 Bg7 3. e4 d6 4. Bd3 Nf6 5. O-O O-O 6. Re1 c5 7. c3 cxd4 8. cxd4
Nc6 9. h3 Nb4 10. Bf1 d5 11. e5 Ne4 12. Nc3 Bf5 13. Nh4 Be6 14. Be3 Rc8 15. Qb3
Qa5 16. a3 Nc6 17. Qxb7 Nxc3 18. bxc3 Rc7 19. Qb5 Rb8 20. Qxa5 Nxa5 21. Nf3 Bf5
22. a4 Nb3 23. Ra2 Rxc3 24. Rb2 Rbc8 25. Ba6 R8c7 26. Bb5 h6 27. Nd2 Nxd2 28.
Bxd2 Rc2 29. Rxc2 Rxc2 30. Be3 f6 31. exf6 Bxf6 32. Rc1 Rxc1+ 33. Bxc1 g5 34.
Be3 Kf7 35. Kf1 e6 36. Ke2 Ke7 37. g4 Bg6 38. Bd3 Bxd3+ 39. Kxd3 a6 40. f4 Kf7
41. Kc3 Be7 42. Kd3 Kg6 43. Ke2 Bf6 44. Kf3 Bg7 1/2-1/2

[Event "Chess24 Banter Blitz Cup"]
[Site "chess24.com INT"]
[Date "2020.03.01"]
[Round "3.6"]
[White "Kovalenko, Igor"]
[Black "Meier, Georg"]
[Result "0-1"]
[WhiteTitle "GM"]
[BlackTitle "GM"]
[WhiteElo "2674"]
[BlackElo "2628"]
[WhiteFideId "14117908"]
[BlackFideId "4675789"]
[EventDate "2019.09.25"]
[EventType "blitz"]

1. e4 e6 2. d4 d5 3. e5 c5 4. c3 Ne7 5. Na3 Nec6 6. Nc2 b6 7. Nh3 Be7 8. Qg4 Rg8
9. Qh5 h6 10. Nf4 Qd7 11. h4 Ba6 12. Rh3 Bxf1 13. Kxf1 Na6 14. Rf3 Nc7 15. Nd3
Bf8 16. Qg4 O-O-O 17. Bxh6 c4 18. Nc1 Be7 19. Bf4 f5 20. Qg3 Rh8 21. Bg5 Rh5 22.
Bxe7 Qxe7 23. Rf4 Rdh8 24. Ne2 g5 25. hxg5 Rxg5 26. Qf3 Rh1+ 27. Ng1 Qh7 28. g3
Ne7 29. Ke2 Ng6 30. Ne3 Qh2 31. Rxf5 exf5 32. Nxd5 Qh5 33. Qxh5 Rgxh5 34. Nf6
R5h2 35. Rf1 Ne6 36. Nf3 Rxf1 37. Kxf1 Rh1+ 38. Ng1 f4 39. Kg2 Rh8 40. Nf3 fxg3
41. fxg3 b5 42. d5 Nc5 43. g4 Rd8 44. g5 Kc7 45. Kg3 a5 46. Kg4 Nd3 47. Kf5 Ne7+
48. Ke6 Ng6 49. Kf5 Ngf4 50. Ke4 Ng6 51. d6+ Rxd6 52. exd6+ Kxd6 53. Kf5 Nc5 54.
Kxg6 Ne6 55. Kf7 Nf4 56. g6 Nd5 57. g7 Nxf6 58. g8=Q Kc6 59. Qc8+ Kd5 60. Kxf6
b4 61. Qb7+ Kd6 62. cxb4 c3 0-1

[Event "Chess24 Banter Blitz Cup"]
[Site "chess24.com INT"]
[Date "2020.03.01"]
[Round "3.7"]
[White "Meier, Georg"]
[Black "Kovalenko, Igor"]
[Result "0-1"]
[WhiteTitle "GM"]
[BlackTitle "GM"]
[WhiteElo "2628"]
[BlackElo "2674"]
[WhiteFideId "4675789"]
[BlackFideId "14117908"]
[EventDate "2019.09.25"]
[EventType "blitz"]

1. Nf3 c5 2. c4 Nc6 3. b3 Nf6 4. Bb2 d5 5. cxd5 Nxd5 6. e3 a6 7. d4 Bf5 8. Nbd2
Qa5 9. a3 cxd4 10. b4 Qd8 11. Nxd4 Nxd4 12. Bxd4 Bd7 13. Bd3 Bc6 14. Nf3 f6 15.
Qb1 e5 16. Bb2 g6 17. h4 Qe7 18. h5 g5 19. Nd2 O-O-O 20. O-O Qf7 21. Rc1 Nc7 22.
Bf5+ Kb8 23. Ne4 Be7 24. Rxc6 bxc6 25. Qc2 Qd5 26. Rc1 h6 27. Ng3 Rd6 28. Be4
Qd2 29. Nf5 Qxc2 30. Rxc2 Rd1+ 31. Kh2 Bd8 32. Rxc6 Rd2 33. Bc3 Rxf2 34. a4 Ra2
35. Rb6+ Kc8 36. Nd6+ Kd7 37. Nb7 Ra3 38. Nc5+ Ke8 39. Bb2 Rxe3 40. Bg6+ Ke7 41.
Nxa6 Nxa6 42. Rxa6 Rb3 43. Bc1 Bc7 44. b5 e4+ 45. g3 Rc3 46. Bd2 Rc2 47. Kh3
Rxd2 48. Ra7 Rc2 49. b6 Kd6 50. Bxe4 Bxb6 51. Ra6 Kc5 52. Bxc2 Re8 53. Bf5 Re5
54. Kg4 Re3 55. a5 Bc7 0-1

[Event "Chess24 Banter Blitz Cup"]
[Site "chess24.com INT"]
[Date "2020.03.01"]
[Round "3.8"]
[White "Kovalenko, Igor"]
[Black "Meier, Georg"]
[Result "1/2-1/2"]
[WhiteTitle "GM"]
[BlackTitle "GM"]
[WhiteElo "2674"]
[BlackElo "2628"]
[WhiteFideId "14117908"]
[BlackFideId "4675789"]
[EventDate "2019.09.25"]
[EventType "blitz"]

1. e4 e6 2. d4 d5 3. e5 c5 4. c3 Nc6 5. Nf3 Qb6 6. a3 c4 7. Be2 Bd7 8. O-O Na5
9. Nbd2 Ne7 10. Qc2 Nc8 11. Bd1 Qc7 12. a4 Nb6 13. Qb1 Be7 14. Bc2 Bc6 15. g3
Qd7 16. h4 h6 17. Qa2 O-O-O 18. Kg2 a6 19. Re1 Rdg8 20. Nf1 Nb3 21. Bxb3 cxb3
22. Qxb3 Nxa4 23. Be3 Bd8 24. Qc2 Nb6 25. b3 g5 26. hxg5 hxg5 27. g4 f5 28. exf6
Bxf6 29. Ng3 Rh4 30. Rh1 Rxg4 31. Rh7 Qd6 32. Rh6 Nd7 33. Rah1 Rh4 34. Nxh4 gxh4
35. R6xh4 Bxh4 36. Rxh4 e5 37. Rh6 Qf8 38. Qe2 exd4 39. cxd4 Kb8 40. Qf3 Qxf3+
41. Kxf3 Rf8+ 42. Bf4+ Ka7 43. Nh5 a5 44. Ke3 Re8+ 45. Kd2 Bb5 46. Be3 Bc6 47.
Nf4 Nb6 48. Kc3 a4 49. bxa4 Nxa4+ 50. Kb4 Nb6 51. Ne6 Bd7 52. Nc5 Bc6 53. Ne6
Bd7 54. Nc5 Bc6 55. Rh7 Nc4 56. Bf4 Re1 57. Rh8 Rb1+ 58. Kc3 Rf1 59. Bb8+ Kb6
60. Bg3 Kb5 61. Ra8 b6 62. Rb8 Rc1+ 63. Kd3 Rb1 64. Ne6 Rb3+ 65. Ke2 Ka4 66.
Ra8+ Na5 67. Nc7 Bb5+ 68. Ke1 Bc4 69. Re8 Rb1+ 70. Kd2 Rb3 71. Rd8 Rb2+ 72. Ke3
Rb3+ 73. Kf4 Rd3 74. Ke5 Rxd4 75. Kxd4 Nc6+ 76. Kc3 Nb4 77. Nxd5 Nc6 78. Nxb6+
Kb5 79. Nxc4 Nb4 1/2-1/2

[Event "Chess24 Banter Blitz Cup"]
[Site "chess24.com INT"]
[Date "2020.03.01"]
[Round "3.9"]
[White "Meier, Georg"]
[Black "Kovalenko, Igor"]
[Result "1-0"]
[WhiteTitle "GM"]
[BlackTitle "GM"]
[WhiteElo "2628"]
[BlackElo "2674"]
[WhiteFideId "4675789"]
[BlackFideId "14117908"]
[EventDate "2019.09.25"]
[EventType "blitz"]

1. Nf3 c5 2. g3 Nc6 3. c4 g6 4. Nc3 Bg7 5. b3 Bxc3 6. dxc3 d6 7. Bg2 Qd7 8. Nd2
b6 9. e4 Bb7 10. Nf1 f5 11. Ne3 O-O-O 12. O-O h5 13. Nd5 e6 14. Nf4 Ne5 15. exf5
gxf5 16. h4 Nf6 17. f3 Rhg8 18. Qe1 Rg7 19. Ne2 Nd3 20. Qd2 Nxc1 21. Raxc1 e5
22. Bh3 Kc7 23. Kh2 Bc8 24. Rcd1 Qe7 25. Rfe1 Rdg8 26. Qe3 Qe8 27. Qf2 f4 28.
gxf4 Bxh3 29. Kxh3 Qc8+ 30. Kh2 Qf5 31. Rg1 e4 32. Rg5 Rxg5 33. hxg5 exf3 34.
gxf6 fxe2 35. Re1 Rg4 36. Rxe2 Rxf4 37. Qg3 Rg4 38. Qe3 Qxf6 39. Qe7+ Qxe7 40.
Rxe7+ Kc6 41. Re2 Rf4 42. Kh3 h4 43. Rd2 a6 44. b4 b5 45. cxb5+ axb5 46. bxc5
dxc5 47. Re2 c4 48. Rg2 Kc5 49. Rg5+ Kb6 50. Rg6+ Ka5 51. Rg5 Ka4 52. Rg2 b4 53.
cxb4 Kxb4 54. Rg1 Rf3+ 55. Kxh4 Ra3 56. Kh5 Ka4 57. Rb1 Rxa2 58. Rc1 Kb3 59.
Rxc4 1-0

[Event "Chess24 Banter Blitz Cup"]
[Site "chess24.com INT"]
[Date "2020.03.01"]
[Round "3.10"]
[White "Kovalenko, Igor"]
[Black "Meier, Georg"]
[Result "1-0"]
[WhiteTitle "GM"]
[BlackTitle "GM"]
[WhiteElo "2674"]
[BlackElo "2628"]
[WhiteFideId "14117908"]
[BlackFideId "4675789"]
[EventDate "2019.09.25"]
[EventType "blitz"]

1. e4 e6 2. Qe2 Be7 3. Nf3 d5 4. e5 c5 5. g3 Nh6 6. Bg2 Nf5 7. O-O Nc6 8. c3 Rb8
9. a4 a6 10. d3 b5 11. axb5 axb5 12. Nbd2 Qb6 13. g4 Nh6 14. h3 f6 15. exf6 gxf6
16. Re1 Nf7 17. Nf1 O-O 18. Ng3 Kh8 19. Nh5 Bd7 20. Be3 Rg8 21. b4 Qd8 22. Bxc5
Bxc5 23. bxc5 f5 24. gxf5 e5 25. Ng3 Qf6 26. Ra6 Rg7 27. Nh2 Bxf5 28. Rxc6 Qxc6
29. Nxf5 Rxg2+ 30. Kxg2 Rg8+ 31. Ng4 1-0

[Event "Chess24 Banter Blitz Cup"]
[Site "chess24.com INT"]
[Date "2020.03.01"]
[Round "3.11"]
[White "Meier, Georg"]
[Black "Kovalenko, Igor"]
[Result "1-0"]
[WhiteTitle "GM"]
[BlackTitle "GM"]
[WhiteElo "2628"]
[BlackElo "2674"]
[WhiteFideId "4675789"]
[BlackFideId "14117908"]
[EventDate "2019.09.25"]
[EventType "blitz"]

1. Nf3 c5 2. c4 Nc6 3. b3 Nf6 4. Bb2 d5 5. cxd5 Nxd5 6. e3 Bf5 7. a3 a6 8. d3
Bg6 9. Nh4 e6 10. Nxg6 hxg6 11. Nd2 Rh7 12. g3 Rc8 13. Qc2 Be7 14. Bg2 Bf6 15.
O-O Bxb2 16. Qxb2 Nde7 17. Rfd1 f6 18. Rac1 b6 19. b4 cxb4 20. axb4 Kf7 21. d4
Rh5 22. Qa3 Rb5 23. Qxa6 Rxb4 24. Ne4 Ra8 25. Qe2 Ra5 26. Nc3 Rb3 27. Bxc6 Nxc6
28. Qc4 Rxc3 29. Qxc3 Ne7 30. e4 Qa8 31. d5 exd5 32. exd5 Rxd5 33. Qb3 b5 34.
Rxd5 Qxd5 35. Rb1 Qc4 36. Qxc4+ bxc4 37. Rc1 Nf5 38. Rxc4 g5 39. Ra4 Nh6 40. Kg2
Kg6 41. h3 Kh7 42. Ra7 Kg6 43. Kf3 Nf5 44. Ra4 Nh6 45. Kg2 Kh7 46. h4 Kg6 47.
hxg5 Kxg5 48. Ra5+ Kg6 49. Ra7 Kh7 50. Ra6 Kg6 51. Ra3 Kh7 52. Kf3 Kg6 53. Kg2
Nf7 54. f3 Ne5 55. Kf2 Nf7 56. g4 Nh6 57. Kg3 Nf7 58. f4 Nh6 59. Ra7 Kh7 60. Kh4
Kg6 61. f5+ Kh7 62. Kh5 Ng8 63. Rb7 Nh6 64. Rb8 Ng8 65. Rb6 Nh6 66. Rb5 Ng8 67.
Ra5 Nh6 68. g5 fxg5 69. Kxg5 Ng8 70. Kf4 Nf6 71. Ra7 Kh6 72. Ke5 Nh5 73. Ke6 Nf6
74. Rf7 Kg5 75. Rxg7+ Kf4 76. Kxf6 1-0

[Event "Chess24 Banter Blitz Cup"]
[Site "chess24.com INT"]
[Date "2020.03.01"]
[Round "3.12"]
[White "Kovalenko, Igor"]
[Black "Meier, Georg"]
[Result "1-0"]
[WhiteTitle "GM"]
[BlackTitle "GM"]
[WhiteElo "2674"]
[BlackElo "2628"]
[WhiteFideId "14117908"]
[BlackFideId "4675789"]
[EventDate "2019.09.25"]
[EventType "blitz"]

1. e4 e6 2. Qe2 Be7 3. Nf3 d5 4. e5 c5 5. g3 Nc6 6. Bg2 Nh6 7. O-O Nf5 8. c3 c4
9. b3 b5 10. Na3 Ba6 11. Nc2 h5 12. h3 Qb6 13. Kh2 Rd8 14. Ne3 Nxe3 15. fxe3 Qc7
16. bxc4 dxc4 17. a4 Nxe5 18. axb5 Bxb5 19. Nxe5 Qxe5 20. Rxa7 h4 21. Qg4 Qxg3+
22. Qxg3 hxg3+ 23. Kxg3 Bd6+ 24. Kf2 O-O 25. Rb7 Rb8 26. Ra7 Bc5 27. Ra5 Rfc8
28. Ke2 Bd6 29. Ba3 Bxa3 30. Rxa3 Bc6 31. Bxc6 Rxc6 32. Ra7 Rf8 33. Rf4 e5 34.
Re4 f6 35. h4 Rf7 36. Ra4 Rfc7 37. Rg4 Kf7 38. h5 Ke6 39. Rg6 Kf5 40. Ra1 Rd6
41. Rf1+ Ke6 42. h6 Rcd7 43. hxg7 Rxd2+ 44. Kf3 1-0

[Event "Chess24 Banter Blitz Cup"]
[Site "chess24.com INT"]
[Date "2020.03.01"]
[Round "3.13"]
[White "Meier, Georg"]
[Black "Kovalenko, Igor"]
[Result "1-0"]
[WhiteTitle "GM"]
[BlackTitle "GM"]
[WhiteElo "2628"]
[BlackElo "2674"]
[WhiteFideId "4675789"]
[BlackFideId "14117908"]
[EventDate "2019.09.25"]
[EventType "blitz"]

1. Nf3 g6 2. e4 c5 3. c3 d5 4. e5 Nc6 5. d4 Bg7 6. Bb5 cxd4 7. cxd4 Qb6 8. Nc3
e6 9. Bxc6+ Qxc6 10. Bf4 h6 11. h4 Bd7 12. Rc1 Qb6 13. Qd2 Ne7 14. O-O Rc8 15.
Rc2 Qd8 16. Rfc1 a6 17. Nd1 Rc6 18. Ne3 Kf8 19. Ng4 Nf5 20. Nf6 Bxf6 21. exf6
Kg8 22. g4 Nd6 23. Bxd6 Rxd6 24. Qf4 Bc6 25. Ne5 Qc7 26. Kg2 a5 27. Nxc6 bxc6
28. Rxc6 Qxc6 29. Rxc6 Rxc6 30. Qb8+ Kh7 31. Qb7 1-0

[Event "Chess24 Banter Blitz Cup"]
[Site "chess24.com INT"]
[Date "2020.03.01"]
[Round "3.14"]
[White "Kovalenko, Igor"]
[Black "Meier, Georg"]
[Result "0-1"]
[WhiteTitle "GM"]
[BlackTitle "GM"]
[WhiteElo "2674"]
[BlackElo "2628"]
[WhiteFideId "14117908"]
[BlackFideId "4675789"]
[EventDate "2019.09.25"]
[EventType "blitz"]

1. e4 e6 2. Qe2 Be7 3. Nf3 d5 4. e5 Nh6 5. g3 c5 6. c3 Nc6 7. Bg2 Nf5 8. d3 b5
9. O-O Bb7 10. Na3 b4 11. Nc2 bxc3 12. bxc3 Rb8 13. h4 O-O 14. Bg5 h6 15. Bxe7
Qxe7 16. Rab1 Ba6 17. Qd2 Qc7 18. Qe2 Qa5 19. Qd2 Rfc8 20. g4 Nfe7 21. h5 d4 22.
Rxb8 Rxb8 23. cxd4 Qxd2 24. Nxd2 Bxd3 25. Rc1 Rb2 26. Be4 Bxc2 27. Rxc2 Rxc2 28.
Bxc2 Nxd4 29. Be4 Nd5 30. a3 Nb6 31. Bd3 Kf8 32. Kg2 Ke7 33. f4 Nd5 34. Kg3 f6
35. exf6+ Nxf6 36. Nc4 Nd7 37. g5 Nb5 38. Kg4 Nd4 39. Ne3 Kf8 40. Bc4 Kf7 41.
Bd3 Ke7 42. Bc4 Nb6 43. Bd3 Nc6 44. f5 Ne5+ 45. Kf4 Nxd3+ 46. Ke4 Nf2+ 47. Kf3
hxg5 48. Kxf2 Nd5 49. Nc4 exf5 0-1